[Event "Robinson Cup U14"]
[Site "Dundalk"]
[Date "2019.07.24"]
[Round "5.14"]
[White "Verhille, Elie"]
[Black "Achuthan, Dylan"]
[Result "1/2-1/2"]
[WhiteElo "1998"]
[BlackElo "1909"]
[PlyCount "80"]
[EventDate "2019.07.22"]
[EventType "team-tourn"]
[EventRounds "5"]
[EventCountry "IRL"]
[SourceTitle "EXT 2022"]
[Source "ChessBase"]
[SourceDate "2021.10.06"]
[SourceVersion "1"]
[SourceVersionDate "2021.10.06"]
[SourceQuality "1"]
[WhiteTeam "France (U14)"]
[BlackTeam "Netherlands (U14)"]
[WhiteTeamCountry "FRA"]
[BlackTeamCountry "NED"]

1. e4 c5 2. Nf3 Nc6 3. Bb5 e6 4. 0-0 Nge7 5. Re1 a6 6. Bf1 d5 7. exd5 Nxd5 8. d4 Nf6 9. Be3 Be7 10. h3 0-0 11. c3 Nd5 12. dxc5 Nxe3 13. Qxd8 Rxd8 14. Rxe3 Bxc5 15. Rd3 Rxd3 16. Bxd3 b5 17. Nbd2 Bb7 18. Ne4 Be7 19. Rd1 Rd8 20. Ng3 Bf6 21. Rd2 g6 22. Be4 Rxd2 23. Nxd2 Kg7 24. Kf1 h5 25. Nb3 Be7 26. Bf3 Nd8 27. Ke2 Bxf3+ 28. Kxf3 f5 29. Ke2 Nc6 30. Nf1 e5 31. Ne3 Kf7 32. Nd5 Bd6 33. Nd2 Ke6 34. Ne3 e4 35. Nc2 Ne5 36. Ne1 g5 37. f3 exf3+ 38. Nexf3 g4 39. Nd4+ Kf6 40. hxg4 hxg4 1/2-1/2

[Event "Robinson Cup U14"]
[Site "Dundalk"]
[Date "2019.07.23"]
[Round "4.8"]
[White "Akeya Price, Robert A"]
[Black "Verhille, Elie"]
[Result "0-1"]
[WhiteElo "1974"]
[BlackElo "1998"]
[PlyCount "62"]
[EventDate "2019.07.22"]
[EventType "team-tourn"]
[EventRounds "5"]
[EventCountry "IRL"]
[SourceTitle "EXT 2022"]
[Source "ChessBase"]
[SourceDate "2021.10.06"]
[SourceVersion "1"]
[SourceVersionDate "2021.10.06"]
[SourceQuality "1"]
[WhiteTeam "England (U14)"]
[BlackTeam "France (U14)"]
[WhiteTeamCountry "ENG"]
[BlackTeamCountry "FRA"]

1. d4 Nf6 2. Nf3 g6 3. g3 Bg7 4. Bg2 0-0 5. c4 d5 6. cxd5 Nxd5 7. 0-0 Re8 8. Nc3 Nxc3 9. bxc3 c5 10. Bb2 Nc6 11. e4 Bg4 12. d5 Ne5 13. h3 Nxf3+ 14. Kh1 Nh2 15. hxg4 Nxf1 16. Qxf1 Qa5 17. Qe1 e6 18. Qd2 Rad8 19. f4 exd5 20. exd5 Qb5 21. Bf1 Qd7 22. Rd1 Qxg4 23. Kg2 Re3 24. Qxe3 Qxd1 25. Bc4 Qc2+ 26. Kf1 Qxb2 27. Qe7 Qb6 28. d6 Qxd6 29. Qxf7+ Kh8 30. Qg8+ Rxg8 31. Bxg8 Kxg8 0-1

[Event "FRA-ch op-B"]
[Site "Nimes"]
[Date "2018.08.18"]
[Round "8"]
[White "Verhille, Elie"]
[Black "Grundman, Anatole"]
[Result "0-1"]
[WhiteElo "1862"]
[BlackElo "1928"]
[PlyCount "108"]
[EventDate "2018.08.18"]
[EventType "swiss"]
[EventRounds "9"]
[EventCountry "FRA"]
[SourceTitle "CBM 186 Extra"]
[Source "ChessBase"]
[SourceDate "2018.08.24"]
[SourceVersion "1"]
[SourceVersionDate "2018.08.24"]
[SourceQuality "1"]

1. e4 c5 2. Nf3 d6 3. Bb5+ Bd7 4. Bxd7+ Qxd7 5. 0-0 Nc6 6. c3 Nf6 7. Re1 e6 8. d4 cxd4 9. cxd4 d5 10. e5 Ne4 11. Nbd2 Nxd2 12. Bxd2 Be7 13. Rc1 0-0 14. a3 Qd8 15. Rc3 Na5 16. Be3 b5 17. Nd2 b4 18. axb4 Bxb4 19. Rc2 Qd7 20. Rf1 Rfc8 21. f4 Qb5 22. Nf3 Nc4 23. Bc1 Nb6 24. g4 Rxc2 25. Qxc2 Rc8 26. Qf2 Qd3 27. f5 Rc2 28. Qh4 Rxc1 29. Rxc1 Qe3+ 30. Kg2 Qxc1 31. fxe6 fxe6 32. Qd8+ Bf8 33. Qe8 Qc8 34. Qxc8 Nxc8 35. Ng5 Be7 36. Nxe6 Nb6 37. Nf4 Kf7 38. Kf3 g5 39. Nd3 Ke6 40. Ke2 a5 41. b3 a4 42. bxa4 Nxa4 43. h4 Nc3+ 44. Kf3 gxh4 45. Kf4 Ne4 46. Kf3 Bg5 47. Ne1 Nd2+ 48. Kg2 Nb3 49. Nf3 Be3 50. Kh3 Nxd4 51. Nxh4 Kxe5 52. Kg3 Bg5 53. Ng2 Ke4 54. Ne1 Bh4+ 0-1

[Event "FRA-ch U12"]
[Site "Belfort"]
[Date "2017.04.16"]
[Round "3.1"]
[White "Verhille, Elie"]
[Black "Popov, Konstantin"]
[Result "0-1"]
[WhiteElo "1765"]
[BlackElo "2026"]
[PlyCount "92"]
[EventDate "2017.04.16"]
[EventType "swiss"]
[EventRounds "9"]
[EventCountry "FRA"]
[SourceTitle "EXT 2019"]
[Source "ChessBase"]
[SourceDate "2018.10.10"]
[SourceVersion "1"]
[SourceVersionDate "2018.10.10"]
[SourceQuality "1"]

1. e4 c5 2. f4 d5 3. exd5 Nf6 4. Bb5+ Nbd7 5. c4 a6 6. Ba4 b5 7. cxb5 Nxd5 8. Ne2 g6 9. Nbc3 N5b6 10. Bc2 Bb7 11. 0-0 Bg7 12. bxa6 Bxa6 13. Be4 Rc8 14. Re1 0-0 15. Nd5 Nxd5 16. Bxd5 e6 17. Bf3 c4 18. Rb1 Nc5 19. g3 Nd3 20. Rf1 Qb6+ 21. Kg2 Rfd8 22. Ng1 Qa5 23. a3 Nxb2 24. Qe1 c3 25. dxc3 Bxc3 26. Qf2 Bd4 27. Be3 Bxf1+ 28. Rxf1 Bxe3 29. Qxe3 Nc4 30. Qb3 Nd2 31. Qb4 Qxb4 32. axb4 Nxf1 33. Kxf1 Rb8 34. Ne2 Rxb4 35. Kf2 Rd2 36. Ke3 Rxe2+ 37. Bxe2 Kf8 38. Bf3 Ke7 39. Be4 f5 40. Bd3 e5 41. fxe5 Ke6 42. h3 Kxe5 43. h4 Rb3 44. Kd2 Kd4 45. Bc2 Rxg3 46. h5 Rg2+ 0-1

[Event "Murmansk Basamro U16 4th"]
[Site "Murmansk"]
[Date "2016.10.09"]
[Round "5.3"]
[White "Catalan, Ciro"]
[Black "Verhille, Elie"]
[Result "1/2-1/2"]
[WhiteElo "1508"]
[BlackElo "1661"]
[PlyCount "74"]
[EventDate "2016.10.06"]
[EventType "team-tourn"]
[EventRounds "5"]
[EventCountry "RUS"]
[SourceTitle "EXT 2017"]
[Source "ChessBase"]
[SourceDate "2016.10.25"]
[SourceVersion "1"]
[SourceVersionDate "2016.10.25"]
[SourceQuality "1"]
[WhiteTeam "Rotterdam"]
[BlackTeam "Paris"]
[WhiteTeamCountry "NED"]
[BlackTeamCountry "FRA"]

1. e4 e6 2. d4 d5 3. Nc3 Bb4 4. Bd3 dxe4 5. Bxe4 Nf6 6. Bf3 0-0 7. Nge2 Nbd7 8. 0-0 e5 9. Bg5 Be7 10. Be3 c6 11. Re1 exd4 12. Bxd4 Nb6 13. Qd3 Nbd5 14. Nxd5 Nxd5 15. c4 Nc7 16. Rad1 Ne6 17. Bc3 Qxd3 18. Rxd3 Ng5 19. Nf4 Nxf3+ 20. Rxf3 Bd6 21. h3 Bxf4 22. Rxf4 Be6 23. b3 Rae8 24. Re3 f6 25. Rg3 Kh8 26. h4 h5 27. Re3 Bd7 28. Rd3 Be6 29. f3 f5 30. Re3 Kh7 31. Rd4 Bc8 32. Red3 a6 33. Rd6 Re6 34. R6d4 Rfe8 35. Rd2 Kg8 36. R4d3 Kf7 37. Kf2 g6 1/2-1/2

[Event "Rotterdam Basamro 3rd"]
[Site "Rotterdam"]
[Date "2015.10.24"]
[Round "1.15"]
[White "Verhille, Elie"]
[Black "Janse, Sebastiaan"]
[Result "1/2-1/2"]
[WhiteElo "1564"]
[BlackElo "1960"]
[PlyCount "53"]
[EventDate "2015.10.24"]
[EventType "team-tourn"]
[EventRounds "3"]
[EventCountry "NED"]
[SourceTitle "EXT 2018"]
[Source "ChessBase"]
[SourceDate "2017.10.13"]
[SourceVersion "1"]
[SourceVersionDate "2017.10.13"]
[SourceQuality "1"]
[WhiteTeam "Paris"]
[BlackTeam "Rotterdam Pathena"]
[WhiteTeamCountry "FRA"]
[BlackTeamCountry "NED"]

1. e4 e5 2. Nf3 Nc6 3. d4 exd4 4. Nxd4 Qh4 5. Nc3 Bb4 6. Be2 Nge7 7. 0-0 0-0 8. f3 d6 9. Be3 Bc5 10. Bf2 Qf6 11. Ndb5 Bxf2+ 12. Rxf2 a6 13. Nxc7 Rb8 14. Rb1 Rd8 15. N7d5 Nxd5 16. Nxd5 Qe5 17. c4 Be6 18. b3 h6 19. Bd3 Bxd5 20. exd5 Nd4 21. Bc2 Re8 22. Qd3 g6 23. Qe4 Qf6 24. Qd3 Qe5 25. Qe4 Qf6 26. Qd3 Qd8 27. Qd1 1/2-1/2

[Event "Rotterdam Basamro blitz op "]
[Site "Rotterdam"]
[Date "2015.10.24"]
[Round "1"]
[White "Verhille, Elie"]
[Black "Willson, Ollie"]
[Result "0-1"]
[WhiteElo "1564"]
[BlackElo "2044"]
[PlyCount "64"]
[EventDate "2015.10.24"]
[EventType "swiss (blitz)"]
[EventRounds "8"]
[EventCountry "NED"]
[SourceTitle "EXT 2018"]
[Source "ChessBase"]
[SourceDate "2017.10.13"]
[SourceVersion "1"]
[SourceVersionDate "2017.10.13"]
[SourceQuality "1"]

1. e4 c5 2. Nf3 e6 3. d4 cxd4 4. Nxd4 Nc6 5. c4 Nf6 6. Nc3 Bb4 7. f3 0-0 8. Be3 d5 9. cxd5 exd5 10. exd5 Nxd5 11. Nxc6 bxc6 12. Bd2 Re8+ 13. Be2 Nxc3 14. Bxc3 Bxc3+ 15. bxc3 Ba6 16. 0-0 Bxe2 17. Qxd8 Raxd8 18. Rfe1 Bc4 19. Reb1 Rd7 20. Rb4 Be6 21. Rab1 g6 22. R4b2 Rd3 23. Rc2 Red8 24. Rbb2 Rd1+ 25. Kf2 Bf5 26. Re2 Rc1 27. Re3 Rd7 28. g4 Be6 29. h3 Kg7 30. f4 Bd5 31. f5 Rh1 32. fxg6 Rh2+ 0-1

[Event "EU Union-ch U10"]
[Site "Kouty nad Desnou"]
[Date "2015.08.24"]
[Round "6"]
[White "Verhille, Elie"]
[Black "Bellahcene, Sofia"]
[Result "1/2-1/2"]
[WhiteElo "1525"]
[BlackElo "1485"]
[PlyCount "35"]
[EventDate "2015.08.19"]
[EventType "swiss"]
[EventRounds "9"]
[EventCountry "CZE"]
[SourceTitle "EXT 2016"]
[Source "ChessBase"]
[SourceDate "2015.10.08"]
[SourceVersion "1"]
[SourceVersionDate "2015.10.08"]
[SourceQuality "1"]

1. e4 d5 2. exd5 Qxd5 3. Nc3 Qa5 4. d4 c6 5. Nf3 Nf6 6. Be2 Bf5 7. 0-0 Nbd7 8. Bf4 e6 9. Re1 Be7 10. a3 b5 11. Qd2 0-0 12. Bd3 Bxd3 13. Qxd3 Nh5 14. Bd2 Qc7 15. Ne5 Bd6 16. Nxd7 Qxd7 17. Ne4 Nf4 18. Bxf4 1/2-1/2

[Event "EU Union-ch U10"]
[Site "Kouty nad Desnou"]
[Date "2015.08.21"]
[Round "3"]
[White "Verhille, Elie"]
[Black "Cwiek, Ryszard"]
[Result "1/2-1/2"]
[WhiteElo "1525"]
[BlackElo "1348"]
[PlyCount "81"]
[EventDate "2015.08.19"]
[EventType "swiss"]
[EventRounds "9"]
[EventCountry "CZE"]
[SourceTitle "EXT 2016"]
[Source "ChessBase"]
[SourceDate "2015.10.08"]
[SourceVersion "1"]
[SourceVersionDate "2015.10.08"]
[SourceQuality "1"]

1. e4 Nc6 2. d4 e5 3. dxe5 Nxe5 4. Nf3 Nxf3+ 5. Qxf3 Nf6 6. e5 Qe7 7. Qe2 Nd5 8. c4 Nb4 9. Nc3 c6 10. a3 Na6 11. g3 Nc5 12. b4 Nb3 13. Rb1 Nxc1 14. Rxc1 g6 15. Ne4 Bg7 16. Nd6+ Kf8 17. f4 g5 18. Bg2 gxf4 19. gxf4 Qh4+ 20. Qf2 Qxf2+ 21. Kxf2 Bh6 22. Ke3 Rg8 23. Bf3 f6 24. exf6 Rg6 25. c5 Rxf6 26. Rc4 b6 27. Rg1 Ba6 28. Re4 Bb5 29. h4 a5 30. Bg4 axb4 31. axb4 Ra3+ 32. Kf2 Rxf4+ 33. Rxf4+ Bxf4 34. Nxb5 cxb5 35. Rf1 Ke7 36. cxb6 Be3+ 37. Kg2 Bxb6 38. Rf5 Ra2+ 39. Kf1 Ra1+ 40. Ke2 Rh1 41. h5 1/2-1/2